Państwa świata w czapce Świętego Mikołaja - Statystyki

Ogólne statystyki
  • Ten quiz został rozwiązany 46 razy
    45 od ostatniego zresetowania
  • Średni wynik to 74 z 131
Odpowiedzi na mapie
Odpowiedzi zakodowano w zielono-czerwonej skali na mapie do tego quizu, zgodnie z poniższymi procentami.
 
Statystyki odpowiedzi
Państwo % Poprawnych
Brazylia
92%
Hiszpania
88%
Kanada
88%
Stany Zjednoczone
88%
Argentyna
83%
Dania
79%
Meksyk
79%
Polska
79%
Rosja
79%
Algieria
75%
Boliwia
75%
Chile
75%
Francja
75%
Portugalia
75%
Republika Południowej Afryki
75%
Austria
71%
Belgia
71%
Egipt
71%
Niemcy
71%
Norwegia
71%
Peru
71%
Szwecja
71%
Turcja
71%
Irlandia
67%
Libia
67%
Madagaskar
67%
Niger
67%
Nigeria
67%
Ukraina
67%
Urugwaj
67%
Wielka Brytania
67%
Włochy
67%
Arabia Saudyjska
63%
Białoruś
63%
Grecja
63%
Maroko
63%
Paragwaj
63%
Somalia
63%
Sudan
63%
Tunezja
63%
Afganistan
58%
Albania
58%
Angola
58%
Czad
58%
Czechy
58%
Demokratyczna Republika Konga
58%
Estonia
58%
Indie
58%
Irak
58%
Iran
58%
Kenia
58%
Litwa
58%
Łotwa
58%
Mali
58%
Mauretania
58%
Republika Zielonego Przylądka
58%
Rumunia
58%
Sudan Południowy
58%
Szwajcaria
58%
Zjednoczone Emiraty Arabskie
58%
Bośnia i Hercegowina
54%
Erytrea
54%
Gruzja
54%
Holandia
54%
Jemen
54%
Kamerun
54%
Kongo
54%
Lesotho
54%
Macedonia Północna
54%
Mauritius
54%
Oman
54%
Pakistan
54%
Republika Środkowoafrykańska
54%
Słowacja
54%
Słowenia
54%
Armenia
50%
Azerbejdżan
50%
Benin
50%
Bułgaria
50%
Chorwacja
50%
Czarnogóra
50%
Eswatini
50%
Etiopia
50%
Ghana
50%
Gwinea
50%
Gwinea Bissau
50%
Izrael
50%
Kosowo
50%
Kuwejt
50%
Senegal
50%
Serbia
50%
Syria
50%
Tanzania
50%
Uganda
50%
Węgry
50%
Wybrzeże Kości Słoniowej
50%
Burkina Faso
46%
Burundi
46%
Cypr
46%
Gwinea Równikowa
46%
Jordania
46%
Katar
46%
Liban
46%
Liberia
46%
Watykan
46%
Zambia
46%
Zimbabwe
46%
Andora
42%
Bahrajn
42%
Botswana
42%
Dżibuti
42%
Gambia
42%
Komory
42%
Liechtenstein
42%
Luksemburg
42%
Malediwy
42%
Mołdawia
42%
Monako
42%
Mozambik
42%
Rwanda
42%
San Marino
42%
Seszele
42%
Sierra Leone
42%
Sri Lanka
42%
Togo
42%
Turkmenistan
42%
Malawi
38%
Malta
38%
Namibia
38%
Gabon
33%
Wyspy Świętego Tomasza i Książęca
33%
Nie znaleziono quizów pasujących do podanych kryteriów
Rozkład punktacji
Procent ludzi z każdym wynikiem
Percentyl według liczby udzielonych odpowiedzi
Twoja historia wyników
Nie rozwiązałeś tego quizu od ostatniego zresetowania